| 000 | 00356nam a22001337a 4500 | ||
|---|---|---|---|
| 020 | _a978-93-5127-034-38 | ||
| 082 |
_a330 _bOSW/E |
||
| 100 | _aOSWAAL BOOKS | ||
| 245 |
_aSAMPLE QUESTION PAPERS ECONOMICS _bCLASS XI |
||
| 260 |
_aAGRA _bOSWAAL PUBLICATIONS _c2014 |
||
| 300 | _a87 | ||
| 650 |
_aECONOMICS SAMPLE QUESTION PAPER FOR CLASS XI _zINDIA |
||
| 942 | _cBK | ||
| 999 |
_c556 _d556 |
||